| 000 | 00705nam a2200193Ia 4500 | ||
|---|---|---|---|
| 003 | LDD | ||
| 008 | 190117s9999 xx 000 0 und d | ||
| 020 |
_a9788179755891 _c₹495 |
||
| 040 | _cLDD | ||
| 041 | _ahi | ||
| 082 | _a8H0.209 सिं76भ | ||
| 100 | _aसिंह, मनोज कुमार | ||
| 245 | 0 |
_aभक्ति आंदोलन और हिन्दी आलोचना _cमनोज कुमार सिंह |
|
| 260 |
_aनई दिल्ली _bअनामिका पब्लिकेशन _c2014 |
||
| 300 | _a176पृ | ||
| 901 | _aKKP 00 | ||
| 904 | _aReqst by : J.M.Parakh | ||
| 942 |
_2ddc _cH |
||
| 999 |
_c173824 _d173824 |
||